[Event "Titled Tue 26th Aug Late"]
[Site "chess.com INT"]
[Date "2025.08.26"]
[Round "4"]
[White "Almagro Mazariegos, Sebastian"]
[Black "Kochetkov, German"]
[Result "0-1"]
[WhiteTitle "FM"]
[BlackTitle "IM"]
[WhiteElo "2259"]
[BlackElo "2277"]
[WhiteFideId "2221640"]
[BlackFideId "13500635"]
[EventDate "2025.08.26"]

1. d4 d6 2. Nf3 Nf6 3. g3 g6 4. Bg2 Bg7 5. O-O O-O 6. c4 Nc6 7. b3 e5 8. Bb2 e4
9. Ng5 Bf5 10. Nc3 Re8 11. d5 Nb4 12. a3 Na6 13. b4 h6 14. Nh3 g5 15. f3 e3 16.
Kh1 c5 17. dxc6 bxc6 18. Ng1 Rc8 19. h3 Nh5 20. g4 Ng3+ 21. Kh2 Be5 22. f4 Nxf1+
23. Qxf1 Bxf4+ 24. Kh1 Be6 25. Rc1 d5 26. b5 Nc5 27. bxc6 dxc4 28. Rd1 Qb6 29.
Ba1 Rxc6 30. Nd5 Bxd5 31. Bxd5 Nb3 32. Bc3 Rc5 33. Qf3 Nd2 0-1

[Event "Titled Tue 26th Aug Late"]
[Site "chess.com INT"]
[Date "2025.08.26"]
[Round "4"]
[White "Padalka, Artem"]
[Black "Powell, Paul"]
[Result "1-0"]
[WhiteTitle "CM"]
[BlackTitle "CM"]
[WhiteElo "2124"]
[BlackElo "2270"]
[WhiteFideId "14118637"]
[BlackFideId "2005840"]
[EventDate "2025.08.26"]

1. Nf3 c5 2. c4 g6 3. g3 Bg7 4. Bg2 Nf6 5. O-O O-O 6. Nc3 Nc6 7. d3 d6 8. a3 Bd7
9. Rb1 Rb8 10. b4 cxb4 11. axb4 Ng4 12. Bd2 Nge5 13. b5 Nxf3+ 14. Bxf3 Ne5 15.
Bg2 f5 16. Ra1 a6 17. bxa6 bxa6 18. Rxa6 Rb2 19. Nd5 Kh8 20. Bg5 Re8 21. Qc1
Rxe2 22. Rxd6 Qc8 23. Nxe7 Rxe7 24. Bxe7 Ng4 25. Bg5 h6 26. Rxg6 1-0

[Event "Titled Tue 26th Aug Late"]
[Site "chess.com INT"]
[Date "2025.08.26"]
[Round "4"]
[White "Arkadan, Adib"]
[Black "Dylag, Emilia"]
[Result "1-0"]
[WhiteTitle "CM"]
[BlackTitle "WFM"]
[WhiteElo "2215"]
[BlackElo "2078"]
[WhiteFideId "5304946"]
[BlackFideId "21805172"]
[EventDate "2025.08.26"]

1. d3 Nf6 2. Nd2 d6 3. e4 g6 4. f4 Bg7 5. Ngf3 O-O 6. Be2 Nc6 7. O-O e5 8. fxe5
Nxe5 9. Nxe5 dxe5 10. Nc4 Nd7 11. Be3 Qe7 12. Kh1 c6 13. a4 Nf6 14. Bg5 h6 15.
Bh4 Qe6 16. Bg3 Ne8 17. a5 Bd7 18. Qe1 f5 19. exf5 gxf5 20. Bh5 Nf6 21. Bg6 Nd5
22. Bh5 Be8 23. Bf3 Bg6 24. Bxe5 Bxe5 25. Qxe5 Rae8 26. Qxe6+ Rxe6 27. Rae1 Rfe8
28. Rxe6 Rxe6 29. Kg1 Nb4 30. Rc1 f4 31. Kf2 Bxd3 32. Na3 Bf5 33. Be2 Re5 34.
Bc4+ Kg7 35. a6 b5 36. Be2 Rc5 37. c3 Nd5 38. Nc2 b4 39. Nd4 Kf6 40. c4 Nb6 41.
Nb3 Re5 42. c5 Re7 43. cxb6 axb6 44. Rxc6+ Ke5 45. Rxb6 Ra7 46. Rb5+ Ke6 47.
Nd4+ 1-0

[Event "Titled Tue 26th Aug Late"]
[Site "chess.com INT"]
[Date "2025.08.26"]
[Round "4"]
[White "Bhatia, Kanishka"]
[Black "Hejazipour, Mitra"]
[Result "0-1"]
[WhiteTitle "WCM"]
[BlackTitle "WGM"]
[WhiteElo "2067"]
[BlackElo "2329"]
[WhiteFideId "2410095"]
[BlackFideId "12505951"]
[EventDate "2025.08.26"]

1. d4 Nf6 2. Nf3 g6 3. Nbd2 d5 4. e3 Bg7 5. Bd3 O-O 6. O-O c5 7. b3 b6 8. Bb2
Nc6 9. a3 Bb7 10. c4 cxd4 11. exd4 e6 12. Re1 Rc8 13. Qe2 Nh5 14. Qe3 Qd6 15.
Rad1 Rfd8 16. Bf1 Qf4 17. Qxf4 Nxf4 18. g3 Nh5 19. cxd5 Rxd5 20. Bc4 Rdd8 21.
Ne4 Na5 22. Bd3 Nxb3 23. Bb1 Nf6 24. Nxf6+ Bxf6 25. Ne5 Na5 26. Rc1 Nb3 27. Rcd1
a5 28. Re3 a4 29. Ba2 Bd5 30. Bc3 Bxe5 31. dxe5 Bc4 32. Rc1 Nxc1 33. Bxc4 Rxc4
34. Bb4 Rd3 35. Re1 Nb3 0-1

[Event "Titled Tue 26th Aug Late"]
[Site "chess.com INT"]
[Date "2025.08.26"]
[Round "4"]
[White "Kleimenov, Nikolay"]
[Black "Fuentes, Agustin"]
[Result "1-0"]
[WhiteTitle "CM"]
[WhiteElo "2244"]
[BlackElo "1924"]
[WhiteFideId "34414223"]
[BlackFideId "140040"]
[EventDate "2025.08.26"]

1. e4 e5 2. Nf3 Nc6 3. Bc4 Nf6 4. d3 Be7 5. O-O O-O 6. Re1 d6 7. a4 Na5 8. Ba2
c5 9. c3 Nc6 10. Na3 a6 11. Bg5 Rb8 12. Nc4 b5 13. Ne3 Be6 14. Bxf6 Bxf6 15.
axb5 axb5 16. Bd5 Ne7 17. Bxe6 fxe6 18. d4 Qc7 19. dxe5 dxe5 20. Ra6 Rfd8 21.
Qb3 Rd6 22. Rxd6 Qxd6 23. Rd1 Qc6 24. Ng4 Kf7 25. Ngxe5+ 1-0

[Event "Titled Tue 26th Aug Late"]
[Site "chess.com INT"]
[Date "2025.08.26"]
[Round "4"]
[White "Korchynskyi, Mykola"]
[Black "Cevizci, Yusuf Baran"]
[Result "1-0"]
[WhiteTitle "FM"]
[BlackTitle "CM"]
[WhiteElo "2359"]
[BlackElo "2094"]
[WhiteFideId "34138005"]
[BlackFideId "34565400"]
[EventDate "2025.08.26"]

1. d4 d5 2. c4 c6 3. Nc3 Nf6 4. cxd5 cxd5 5. Nf3 Nc6 6. Bf4 Bf5 7. e3 Rc8 8. Bb5
a6 9. Bxc6+ Rxc6 10. O-O e6 11. Qb3 b5 12. Ne5 Rc8 13. Nxb5 axb5 14. Qxb5+ Nd7
15. Rac1 Rb8 16. Qxd7+ Qxd7 17. Nxd7 Rxb2 18. Nxf8 e5 19. Bxe5 Rxf8 20. a4 f6
21. Bc7 Rf7 22. a5 Ra2 23. Bb6 Rb7 24. Rc5 Bd3 25. Rfc1 Bc4 26. h3 Kd7 27. e4
Ke6 28. Re1 Kd6 29. e5+ fxe5 30. dxe5+ Ke6 31. Rc6+ Kd7 32. Rd6+ Ke7 33. Bd8+
Ke8 34. e6 h6 35. e7 Re2 36. Rxe2 Bxe2 37. Rxd5 Rd7 38. Rf5 1-0

[Event "Titled Tue 26th Aug Late"]
[Site "chess.com INT"]
[Date "2025.08.26"]
[Round "4"]
[White "Andreikin, Dmitry"]
[Black "Dubnevych, Maksym"]
[Result "1-0"]
[WhiteTitle "GM"]
[BlackTitle "FM"]
[WhiteElo "2695"]
[BlackElo "2296"]
[WhiteFideId "4158814"]
[BlackFideId "14184001"]
[EventDate "2025.08.26"]

1. c4 e6 2. g3 d5 3. Bg2 Nf6 4. Nf3 Be7 5. O-O O-O 6. b3 d4 7. e3 c5 8. exd4
cxd4 9. Ne5 Nfd7 10. Nd3 Nc6 11. Re1 a5 12. Na3 Nb4 13. Nxb4 axb4 14. Nb5 Nc5
15. d3 Bd7 16. Nxd4 Bf6 17. Be3 Bc8 18. Nb5 Nxd3 19. Re2 Nb2 20. Qb1 Nxc4 21.
bxc4 Bxa1 22. Qxa1 Qd3 23. Rd2 Qxc4 24. Nd6 Qc3 25. Qb1 Bd7 26. Be4 Bc6 27.
Bxh7+ Kh8 28. Be4 Rad8 29. Nxf7+ Rxf7 30. Rxd8+ 1-0

[Event "Titled Tue 26th Aug Late"]
[Site "chess.com INT"]
[Date "2025.08.26"]
[Round "4"]
[White "Tarhan, Adar"]
[Black "Naroditsky, Daniel"]
[Result "1-0"]
[WhiteTitle "IM"]
[BlackTitle "GM"]
[WhiteElo "2474"]
[BlackElo "2619"]
[WhiteFideId "34544712"]
[BlackFideId "2026961"]
[EventDate "2025.08.26"]

1. e4 e6 2. d4 d5 3. Nd2 dxe4 4. Nxe4 Nf6 5. Nxf6+ gxf6 6. Nf3 b6 7. g3 Bb7 8.
Bg2 Nc6 9. O-O Qd7 10. d5 exd5 11. Re1+ Be7 12. Nd4 Nxd4 13. Qxd4 O-O-O 14. Qh4
Kb8 15. Bf4 h5 16. Bh3 Qe8 17. Re2 Qc6 18. Rxe7 d4 19. f3 Qxf3 20. Bxc7+ Ka8 21.
Bxd8 Qh1+ 22. Kf2 Qxh2+ 23. Ke1 Rxd8 24. Bf1 Qxc2 25. Qf4 Qxb2 26. Qc7 Qxa1+ 27.
Kf2 Rb8 28. Qxb7+ Rxb7 29. Re8+ Rb8 30. Bg2# 1-0

[Event "Titled Tue 26th Aug Late"]
[Site "chess.com INT"]
[Date "2025.08.26"]
[Round "4"]
[White "Dotzer, Lukas"]
[Black "Oluka Robert Mcligeyo"]
[Result "1-0"]
[WhiteTitle "IM"]
[BlackTitle "CM"]
[WhiteElo "2472"]
[BlackElo "2081"]
[WhiteFideId "1666975"]
[BlackFideId "10814647"]
[EventDate "2025.08.26"]

1. d4 d5 2. c4 e6 3. Nf3 Nf6 4. Nc3 Nbd7 5. g3 Be7 6. Bg2 O-O 7. O-O dxc4 8. Qc2
c5 9. Rd1 a6 10. dxc5 Bxc5 11. Bg5 Qc7 12. Rac1 Rb8 13. Ne4 Nxe4 14. Qxe4 b5 15.
Bf4 e5 16. Nxe5 Re8 17. Nxd7 Rxe4 18. Bxc7 Rxe2 19. Nxc5 1-0

[Event "Titled Tue 26th Aug Late"]
[Site "chess.com INT"]
[Date "2025.08.26"]
[Round "4"]
[White "Yurovskykh, Oleksandr"]
[Black "Gorbenko, Rustem"]
[Result "1-0"]
[WhiteTitle "FM"]
[BlackTitle "CM"]
[WhiteElo "2379"]
[BlackElo "2201"]
[WhiteFideId "14134020"]
[BlackFideId "14111438"]
[EventDate "2025.08.26"]

1. d4 e6 2. Bf4 Nf6 3. e3 d5 4. Nf3 c5 5. c3 Nc6 6. Nbd2 Bd6 7. Bg3 O-O 8. Bb5
a6 9. Bxc6 bxc6 10. Ne5 Qc7 11. Nd3 cxd4 12. cxd4 a5 13. Bxd6 Qxd6 14. O-O Ba6
15. Qc2 Ne4 16. Rfc1 Bxd3 17. Qxd3 f5 18. Rc2 c5 19. Nxe4 fxe4 20. Qa3 Rfc8 21.
Rac1 Qd7 22. Rxc5 a4 23. g3 Rxc5 24. Rxc5 h6 25. Qc3 a3 26. bxa3 Qa4 27. Rc8+
Rxc8 28. Qxc8+ Kh7 29. Qc1 h5 30. h4 Kh6 31. Kg2 g6 32. Qc8 Qa6 33. Qh8# 1-0

[Event "Titled Tue 26th Aug Late"]
[Site "chess.com INT"]
[Date "2025.08.26"]
[Round "4"]
[White "Khlebovich, Alexander"]
[Black "Motola, Jacopo"]
[Result "1/2-1/2"]
[WhiteTitle "IM"]
[BlackTitle "FM"]
[WhiteElo "2423"]
[BlackElo "2333"]
[WhiteFideId "4169123"]
[BlackFideId "863190"]
[EventDate "2025.08.26"]

1. d4 b6 2. Nf3 Bb7 3. g3 Nf6 4. Bg2 g6 5. O-O Bg7 6. c4 O-O 7. Nc3 Ne4 8. Qc2
Nxc3 9. Qxc3 Be4 10. Be3 c6 11. Qd2 d5 12. b3 Nd7 13. Rac1 Rc8 14. Bh6 Rc7 15.
Qf4 Bxf3 16. Bxf3 Bxh6 17. Qxh6 Nf6 18. e3 Qd6 19. c5 bxc5 20. Rxc5 Nd7 21. Rc3
c5 22. Rfc1 Rfc8 23. Qf4 Qxf4 24. gxf4 e6 25. Kf1 Kf8 26. Be2 Rb8 27. dxc5 a5
28. a4 Rbc8 29. Ba6 Ra8 30. Bb5 Ke7 31. Ke2 Rac8 32. Ba6 Ra8 33. Bb5 Rac8 34. c6
Nb8 35. e4 dxe4 36. Ke3 f5 37. Rc4 Kd6 38. Rd4+ Ke7 39. b4 axb4 40. Rxb4 Nxc6
41. Rbc4 Kd6 42. Rd1+ Ke7 43. Rdc1 Kd6 44. Ba6 Ra8 45. Rd1+ Ke7 46. Bb5 Rac8 47.
Rdc1 1/2-1/2

[Event "Titled Tue 26th Aug Late"]
[Site "chess.com INT"]
[Date "2025.08.26"]
[Round "4"]
[White "Eminov, Orkhan"]
[Black "Arslanov, Shamil"]
[Result "0-1"]
[WhiteTitle "FM"]
[BlackTitle "IM"]
[WhiteElo "2246"]
[BlackElo "2410"]
[WhiteFideId "13402153"]
[BlackFideId "4192826"]
[EventDate "2025.08.26"]

1. e4 e5 2. Nf3 d5 3. Nc3 dxe4 4. Nxe5 Qe7 5. Nc4 Nf6 6. Be2 Nc6 7. O-O Be6 8.
b4 O-O-O 9. b5 Nd4 10. a4 Qc5 11. Ne3 h5 12. Ba3 Qe5 13. Bxf8 Rhxf8 14. b6 cxb6
15. Nb5 Kb8 16. Nxd4 Rxd4 17. c3 Rdd8 18. a5 Rh8 19. axb6 a6 20. h3 Nd5 21. Qa4
Bc8 22. c4 Nf4 23. Rfe1 Rxd2 24. Bf1 Qg5 25. c5 Nxh3+ 26. Kh2 Nxf2 27. g3 h4 28.
g4 Nxg4+ 29. Kh1 Nf2+ 30. Kh2 Qg3# 0-1

[Event "Titled Tue 26th Aug Late"]
[Site "chess.com INT"]
[Date "2025.08.26"]
[Round "4"]
[White "Sheehan, Ethan"]
[Black "Erigaisi, Arjun"]
[Result "0-1"]
[BlackTitle "GM"]
[WhiteElo "2323"]
[BlackElo "2776"]
[WhiteFideId "30943965"]
[BlackFideId "35009192"]
[EventDate "2025.08.26"]

1. d4 e6 2. Nf3 c5 3. c4 cxd4 4. Nxd4 a6 5. Nc3 Nf6 6. e4 Bb4 7. Bd3 Nc6 8. Nxc6
dxc6 9. O-O e5 10. Ne2 O-O 11. a3 Be7 12. h3 a5 13. Be3 a4 14. Nc3 Be6 15. Qc2
Qa5 16. Rfd1 Nd7 17. Be2 Bc5 18. Bd2 Qa7 19. Be1 Bd4 20. Bg4 Nc5 21. Bxe6 fxe6
22. Kf1 Rf6 23. f3 Raf8 24. Ne2 Nb3 25. Rab1 h6 26. Bg3 Qc5 27. Nc1 Na5 28. Qxa4
Nxc4 29. Nd3 Ne3+ 30. Ke2 Qb6 31. Rg1 Nf5 32. exf5 Bxg1 33. fxe6 Qe3+ 0-1

[Event "Titled Tue 26th Aug Late"]
[Site "chess.com INT"]
[Date "2025.08.26"]
[Round "4"]
[White "Gasparyan, David"]
[Black "Gabrielian, Artur"]
[Result "0-1"]
[BlackTitle "GM"]
[WhiteElo "2194"]
[BlackElo "2407"]
[WhiteFideId "13311980"]
[BlackFideId "4131002"]
[EventDate "2025.08.26"]

1. d4 Nf6 2. Nf3 e6 3. Bg5 h6 4. Bxf6 Qxf6 5. e4 d6 6. Bd3 Nd7 7. Nc3 a6 8. Qd2
g6 9. Ne2 Bg7 10. c3 b6 11. Ng3 Bb7 12. Qe2 Qe7 13. h4 c5 14. O-O O-O 15. Rad1
cxd4 16. cxd4 b5 17. h5 g5 18. Bb1 Rfc8 19. Rfe1 g4 20. Nh2 Qg5 21. Nxg4 Rc4 22.
d5 Ne5 23. Ne3 Rc7 24. dxe6 fxe6 25. Rxd6 Re8 26. Red1 Rf7 27. a3 Bf8 28. Rb6
Bc5 29. Rxb7 Rxb7 30. Ngf1 Rg7 31. Ba2 Kh8 32. g3 Rf8 33. Kh1 Nf3 34. g4 Qxh5+
35. gxh5 Rg1# 0-1

[Event "Titled Tue 26th Aug Late"]
[Site "chess.com INT"]
[Date "2025.08.26"]
[Round "4"]
[White "Mayans Calvo, Mariano"]
[Black "Zhukovskyi, Oleksandr"]
[Result "0-1"]
[WhiteTitle "CM"]
[BlackTitle "CM"]
[WhiteElo "2101"]
[BlackElo "2145"]
[WhiteFideId "2251426"]
[BlackFideId "14169371"]
[EventDate "2025.08.26"]

1. c4 Nf6 2. g3 e5 3. Bg2 c6 4. d4 e4 5. d5 Bb4+ 6. Kf1 cxd5 7. cxd5 O-O 8. a3
Bd6 9. Nc3 Re8 10. Bg5 Be5 11. Qc2 Qc7 12. Bxf6 Bxf6 13. Bxe4 g6 14. Nb5 Qxc2
15. Bxc2 Bxb2 16. Rb1 Be5 17. f4 a6 18. fxe5 axb5 19. Nf3 Rxa3 20. Rxb5 d6 21.
exd6 Ra1+ 22. Kg2 Rxe2# 0-1

[Event "Titled Tue 26th Aug Late"]
[Site "chess.com INT"]
[Date "2025.08.26"]
[Round "4"]
[White "Ahn, Hongjin"]
[Black "Bonin, Jay"]
[Result "1-0"]
[WhiteTitle "IM"]
[BlackTitle "IM"]
[WhiteElo "2304"]
[BlackElo "2077"]
[WhiteFideId "13201492"]
[BlackFideId "2000644"]
[EventDate "2025.08.26"]

1. e4 e5 2. Nf3 Nc6 3. Nc3 Nf6 4. g3 Bb4 5. d3 d5 6. exd5 Nxd5 7. Bd2 Bxc3 8.
bxc3 O-O 9. Bg2 Bg4 10. O-O Qd7 11. Re1 Rae8 12. Rb1 b6 13. c4 Nf6 14. Bc3 e4
15. Bxf6 exf3 16. Rxe8 fxg2 17. Rxf8+ Kxf8 18. f3 Bh3 19. Bc3 Nd4 20. Kf2 c5 21.
Qd2 h6 22. Re1 g5 23. Bxd4 Qxd4+ 24. Qe3 Qb2 25. Qe8+ Kg7 26. Qe5+ Qxe5 27. Rxe5
Kf6 28. Re1 h5 29. g4 hxg4 30. fxg4 Bxg4 31. Kxg2 Be6 32. Kg3 Ke7 33. h4 gxh4+
34. Kxh4 Kd6 35. Kg5 b5 36. cxb5 Bxa2 37. Ra1 Be6 38. Rxa7 c4 39. dxc4 Bxc4 40.
b6 Kc6 41. Rc7+ 1-0

[Event "Titled Tue 26th Aug Late"]
[Site "chess.com INT"]
[Date "2025.08.26"]
[Round "4"]
[White "Kleibel, Uwe"]
[Black "Krzywda, Andrzej"]
[Result "0-1"]
[WhiteTitle "FM"]
[BlackTitle "CM"]
[WhiteElo "2301"]
[BlackElo "2149"]
[WhiteFideId "1270982"]
[BlackFideId "1114565"]
[EventDate "2025.08.26"]

1. e4 c5 2. Nf3 e6 3. g3 Nc6 4. Bg2 d6 5. O-O Nf6 6. Qe2 e5 7. Nc3 Bg4 8. Nd5
Nd4 9. Qd3 Nxd5 10. exd5 Bf5 11. Qc4 b5 12. Nxd4 bxc4 13. Nxf5 g6 14. Ne3 Bg7
15. Nxc4 O-O 16. d3 f5 17. a4 f4 18. Bh3 g5 19. Be6+ Kh8 20. g4 h5 21. h3 Rf6
22. f3 Rh6 23. Kg2 Bf8 24. Bd2 Bg7 25. Rh1 Qe7 26. Bf5 Rf8 27. Na5 Rxf5 28. gxf5
Qf7 29. Nc6 Qxd5 30. Nxa7 g4 31. hxg4 hxg4 32. Rxh6+ Bxh6 33. Rf1 Kh7 34. b3
gxf3+ 35. Rxf3 e4 36. Rh3 e3+ 0-1

[Event "Titled Tue 26th Aug Late"]
[Site "chess.com INT"]
[Date "2025.08.26"]
[Round "4"]
[White "Gkavardinas, Antonios"]
[Black "Tsvetkov, Andrey"]
[Result "1-0"]
[WhiteTitle "FM"]
[BlackTitle "IM"]
[WhiteElo "2297"]
[BlackElo "2403"]
[WhiteFideId "25883097"]
[BlackFideId "34139360"]
[EventDate "2025.08.26"]

1. b3 d5 2. Bb2 Bg4 3. h3 Bh5 4. d3 Nd7 5. Nd2 e5 6. Ngf3 Bd6 7. e4 c6 8. Be2
Ngf6 9. O-O O-O 10. c4 d4 11. Nxd4 Bxe2 12. Nxe2 Nc5 13. Nf3 Re8 14. b4 Ne6 15.
c5 Bf8 16. Nxe5 a5 17. a3 Nh5 18. f4 f6 19. Nc4 axb4 20. axb4 Rxa1 21. Bxa1 g6
22. f5 gxf5 23. Rxf5 Neg7 24. Rf1 Qc7 25. Qe1 Rd8 26. Rf3 Ne6 27. Qh4 Ng5 28.
Qxh5 Nxf3+ 29. Qxf3 Bg7 30. Ng3 f5 31. e5 Qd7 32. Nd6 f4 33. Nh5 Rf8 34. Nf6+
Bxf6 35. exf6 h6 36. Qxf4 Kh7 37. Qe4+ 1-0

[Event "Titled Tue 26th Aug Late"]
[Site "chess.com INT"]
[Date "2025.08.26"]
[Round "4"]
[White "Atakhan, Abtin"]
[Black "Beznosov, Timofey"]
[Result "1-0"]
[WhiteTitle "IM"]
[BlackTitle "CM"]
[WhiteElo "2388"]
[BlackElo "2131"]
[WhiteFideId "22502203"]
[BlackFideId "34497951"]
[EventDate "2025.08.26"]

1. d4 Nf6 2. c4 e6 3. Nf3 a6 4. g3 b5 5. b3 Bb7 6. Bg2 Bb4+ 7. Bd2 Bxd2+ 8. Qxd2
bxc4 9. bxc4 c5 10. d5 exd5 11. Nh4 Ne4 12. Qb2 Qf6 13. Qxf6 Nxf6 14. Nf5 O-O
15. cxd5 g6 16. Ne3 d6 17. Nc3 Nbd7 18. Nc4 Ne8 19. Rb1 Rb8 20. O-O Ne5 21. Na5
Nc7 22. Nxb7 Nc4 23. Rfd1 Na3 24. Rb3 Nab5 25. Na5 Nxc3 26. Rxc3 Rb2 27. Nc4 Nb5
28. Nxb2 Nxc3 29. Rd2 Rb8 30. Nc4 Rb1+ 31. Bf1 Ne4 32. Rb2 Ra1 33. f3 Nc3 34. e4
Nb5 35. Kg2 Kg7 36. Bd3 Rd1 37. Rd2 Ra1 38. f4 f6 39. e5 fxe5 40. fxe5 dxe5 41.
d6 Kf7 42. Bxg6+ hxg6 43. d7 Rxa2 44. Rxa2 Ke7 45. Rd2 Kd8 46. Nxe5 Nd4 47. Rf2
Ne6 48. Rb2 Kc7 49. Ra2 a5 50. Rxa5 Kd6 51. Ra6+ Kxe5 52. Rxe6+ Kd5 53. d8=Q+
Kxe6 54. Qg5 c4 55. Qxg6+ Ke5 56. Qc2 c3 57. Qxc3+ Kf5 58. h4 Kg4 59. Qf3# 1-0

[Event "Titled Tue 26th Aug Late"]
[Site "chess.com INT"]
[Date "2025.08.26"]
[Round "4"]
[White "Smieszek, Wojciech"]
[Black "Reprintsev, Alexander"]
[Result "0-1"]
[WhiteTitle "CM"]
[BlackTitle "IM"]
[WhiteElo "2141"]
[BlackElo "2256"]
[WhiteFideId "1156047"]
[BlackFideId "14100541"]
[EventDate "2025.08.26"]

1. e4 d5 2. exd5 Qxd5 3. Nf3 Bg4 4. Be2 Nc6 5. d4 O-O-O 6. Be3 e5 7. c4 Qa5+ 8.
Bd2 Qa6 9. d5 Bxf3 10. Bxf3 Nd4 11. O-O h5 12. Nc3 Qg6 13. Be3 Nxf3+ 14. Qxf3 a6
15. Rab1 Qg4 16. Qxf7 Nh6 17. Qe6+ Qxe6 18. dxe6 Re8 19. b4 Nf5 20. b5 Nxe3 21.
bxa6 bxa6 22. fxe3 Bc5 23. Rf7 Rxe6 24. Nd5 Rc6 25. Rxg7 h4 26. Rf1 Bd6 27. Ne7+
Bxe7 28. Rxe7 Rh5 29. e4 Rxc4 30. Rf5 Rh6 31. Rexe5 h3 32. g4 Rc1+ 33. Rf1 Rc2
34. g5 Rg2+ 35. Kh1 Rc6 36. Rg1 Rxa2 37. g6 Rcc2 38. Rd1 Rxh2+ 39. Kg1 Rag2+ 40.
Kf1 Rh1# 0-1

[Event "Titled Tue 26th Aug Late"]
[Site "chess.com INT"]
[Date "2025.08.26"]
[Round "4"]
[White "Pereyra, Horacio"]
[Black "Arabidze, Meri"]
[Result "0-1"]
[BlackTitle "IM"]
[WhiteElo "2133"]
[BlackElo "2444"]
[WhiteFideId "113700"]
[BlackFideId "13604040"]
[EventDate "2025.08.26"]

1. d4 f5 2. Qd3 d5 3. Nf3 Nc6 4. Bf4 Nf6 5. Nc3 a6 6. Ne5 e6 7. Nxc6 bxc6 8. f3
Bb4 9. Bd2 O-O 10. a3 Be7 11. Na4 Nd7 12. e4 fxe4 13. fxe4 c5 14. O-O-O cxd4 15.
Qxd4 c5 16. Qd3 Ne5 17. Qg3 Bd6 18. Qh3 Bd7 19. Nc3 d4 20. Na2 Rb8 21. b3 c4 22.
bxc4 Rf3 23. Ba5 Qxa5 24. Rd3 Qe1+ 0-1

[Event "Titled Tue 26th Aug Late"]
[Site "chess.com INT"]
[Date "2025.08.26"]
[Round "4"]
[White "Gerbelli Neto, Eduardo"]
[Black "Tang, Austin"]
[Result "0-1"]
[WhiteElo "2114"]
[BlackElo "1920"]
[WhiteFideId "2103281"]
[BlackFideId "30964580"]
[EventDate "2025.08.26"]

1. e4 c5 2. Nc3 d6 3. f4 g6 4. Nf3 Bg7 5. Bb5+ Bd7 6. Bc4 e6 7. O-O Nc6 8. d3
Nge7 9. Qe1 O-O 10. Bb3 Nd4 11. Nxd4 cxd4 12. Ne2 a5 13. a4 Nc6 14. Bd2 Kh8 15.
Kh1 f5 16. Ng1 e5 17. exf5 gxf5 18. Nf3 Qf6 19. c3 Rae8 20. cxd4 e4 21. dxe4
fxe4 22. Ng5 Nxd4 23. Bc3 Qg6 24. Bd1 h6 25. Qh4 Nf5 26. Qh5 Qxh5 27. Bxh5 hxg5
28. fxg5 Rc8 29. Rad1 Bxc3 30. bxc3 Ne3 31. Rxf8+ Rxf8 32. Re1 Rf1+ 0-1

[Event "Titled Tue 26th Aug Late"]
[Site "chess.com INT"]
[Date "2025.08.26"]
[Round "4"]
[White "Paichadze, Luka"]
[Black "Rizzo, Tobias"]
[Result "1-0"]
[WhiteTitle "GM"]
[WhiteElo "2520"]
[BlackElo "1955"]
[WhiteFideId "13602934"]
[BlackFideId "30942691"]
[EventDate "2025.08.26"]

1. e4 c5 2. Nf3 e6 3. c3 Nf6 4. e5 Nd5 5. Bc4 Nb6 6. Bb3 d5 7. d4 Nc6 8. O-O Be7
9. Re1 O-O 10. Nbd2 cxd4 11. Nxd4 Nxd4 12. cxd4 f5 13. exf6 Bxf6 14. Nf3 Bd7 15.
Bf4 Rc8 16. Bg3 Qe7 17. Ne5 Be8 18. Qg4 Bxe5 19. Rxe5 Bd7 20. Rae1 Qb4 21. h4
Rf5 22. h5 Rcf8 23. h6 g6 24. Rxe6 Bxe6 25. Rxe6 Qd2 26. Rxg6+ Kh8 27. Re6 Qc1+
28. Kh2 Rg5 29. Qh4 Kg8 30. f4 Rg6 31. Rxg6+ hxg6 32. Qe7 Qc7 33. Qxc7 1-0

[Event "Titled Tue 26th Aug Late"]
[Site "chess.com INT"]
[Date "2025.08.26"]
[Round "4"]
[White "Nassr, Ahmed"]
[Black "Li, Yilin"]
[Result "0-1"]
[WhiteTitle "IM"]
[BlackTitle "WFM"]
[WhiteElo "2153"]
[BlackElo "1921"]
[WhiteFideId "7904860"]
[BlackFideId "8610410"]
[EventDate "2025.08.26"]

1. d4 d5 2. Bf4 e6 3. e3 Nf6 4. Nd2 Bd6 5. Bxd6 Qxd6 6. f4 c5 7. c3 Nc6 8. Bd3
Bd7 9. a3 a6 10. Ngf3 b5 11. O-O O-O 12. Ne5 Bc8 13. Rf3 g6 14. Rh3 Ne8 15. Qg4
Nxe5 16. fxe5 Qe7 17. Rf1 f5 18. exf6 Rxf6 19. Rhf3 e5 20. Qg5 e4 21. Rxf6 Nxf6
22. Rxf6 Ra7 23. Qxd5+ Kg7 24. Rd6 exd3 25. Ne4 Bf5 0-1

[Event "Titled Tue 26th Aug Late"]
[Site "chess.com INT"]
[Date "2025.08.26"]
[Round "4"]
[White "Sobek, Jaroslav"]
[Black "Clawitter, Craig"]
[Result "1-0"]
[WhiteTitle "FM"]
[WhiteElo "2195"]
[BlackElo "2050"]
[WhiteFideId "301388"]
[BlackFideId "2023105"]
[EventDate "2025.08.26"]

1. d4 e6 2. c4 Nf6 3. Bf4 d5 4. cxd5 exd5 5. Nc3 c6 6. e3 Be7 7. Bd3 O-O 8. Qc2
Na6 9. a3 Nc7 10. Nf3 Ne6 11. Bg3 g6 12. h3 Ng7 13. b4 a6 14. Rb1 Bf5 15. O-O
Bxd3 16. Qxd3 Nf5 17. Bh2 Bd6 18. Bxd6 Nxd6 19. Nd2 Re8 20. a4 b5 21. Rfc1 h5
22. Nb3 Nc4 23. Nc5 h4 24. Ra1 Nd7 25. Ra2 Nxc5 26. dxc5 Qf6 27. Rca1 Rad8 28.
axb5 axb5 29. Ra6 Re6 30. Ne2 g5 31. Nd4 Ne5 32. Qf5 Qxf5 33. Nxf5 1-0

[Event "Titled Tue 26th Aug Late"]
[Site "chess.com INT"]
[Date "2025.08.26"]
[Round "4"]
[White "Nicot, Valentin"]
[Black "Vlassov, Nikolai"]
[Result "1-0"]
[WhiteTitle "CM"]
[BlackTitle "IM"]
[WhiteElo "2140"]
[BlackElo "2301"]
[WhiteFideId "651002477"]
[BlackFideId "4103360"]
[EventDate "2025.08.26"]

1. d4 Nf6 2. Nf3 e6 3. g3 b5 4. Bg2 Bb7 5. O-O c5 6. dxc5 Bxc5 7. Bf4 Qb6 8. a4
b4 9. Nbd2 O-O 10. Nc4 Qa6 11. Nd6 Bd5 12. Nb5 Ne8 13. Qd2 Qb7 14. Rad1 a6 15.
Nbd4 Nc6 16. Nb3 Be7 17. Qd3 f5 18. h4 Nf6 19. Qe3 Ng4 20. Qc1 Bxb3 21. cxb3 e5
22. Nxe5 Ngxe5 23. Bxe5 Qb6 24. Bf4 Rac8 25. Qd2 Kh8 26. Qxd7 Bf6 27. Qe6 Qc5
28. Rc1 Nd4 29. Rxc5 Nxe6 30. Rxc8 Rxc8 31. Be3 Rc2 32. Bd5 Nd4 33. Bxd4 Bxd4
34. Rd1 Bxb2 35. Bc4 g5 36. hxg5 1-0